[Event "2nd Ideon Andron Open 2013"]
[Site "Anogia GRE"]
[Date "2013.07.13"]
[Round "5.5"]
[White "Skaperdas,K"]
[Black "Stavrianakis,I"]
[Result "1/2-1/2"]
[WhiteElo "2141"]
[BlackElo "2298"]

1.e4 d5 2.exd5 Qxd5 3.Nc3 Qd6 4.d4 Nf6 5.Nb5 Qd8 6.c4 c6 7.Nc3 Bg4 8.Qb3 Qc8
9.Bf4 e6 10.h3 Bh5 11.g4 Bg6 12.Bg2 Nbd7 13.Nge2 Be7 14.O-O O-O 15.Rac1 Re8
16.Bg3 Bf8 17.Nf4 e5 18.Nxg6 hxg6 19.d5 Nc5 20.Qc2 a5 21.Rfe1 Bd6 22.dxc6 bxc6
23.Na4 Nfd7 24.a3 Rb8 25.Rcd1 Qc7 26.Qd2 Re6 27.Nxc5 Nxc5 28.Re2 Nb3 29.Qe1 Kh7
30.Kh1 Nd4 31.Red2 Rb3 32.Qe4 Qe7 33.Re1 Qb7 34.Qb1 Qb6 35.Kh2 Qc5 36.Qd1 Qxc4
37.Re3 a4 38.Bf1 Qc5 39.Bg2 f5 40.gxf5 Nxf5 41.Rxb3 axb3 42.Qxb3 Rf6 43.Qc2 Nxg3
44.fxg3 Qa5 45.Be4 Bc7 46.h4 Kh6 47.Re2 Qb5 48.Qd2+ Kh7 49.h5 Bb6 50.hxg6+ Kg8
51.Qc2 Bd4 52.a4 Qb6 53.Kg2 Kf8 54.b3 Qa6 55.b4 Ke8 56.Qa2 Ke7 57.b5 cxb5
58.Qg8 bxa4 59.Qxg7+ Ke8 60.Qg8+ Ke7 61.Qa2 Kf8 62.Qa3+ Ke8 63.Qa2 Kf8 64.Qc2 a3
65.Bf3 Rxg6 66.Qc7 Qd6 67.Qc8+ Kg7 68.Be4 Rf6 69.Rc2 Rf8 70.Rc7+ Rf7 71.Qg4+ Kf8
72.Rc8+ Ke7 73.Qh4+ Qf6 74.Rc7+ Kf8 75.Rc8+ Ke7 76.Rc7+ Kf8 77.Rc8+ Ke7 78.Rc7+ Kf8  1/2-1/2

[Event "V4 Int Open ch-SVK 2013"]
[Site "Banska Stiavnica SVK"]
[Date "2013.07.13"]
[Round "8.37"]
[White "Chovan,Milan"]
[Black "Milcova,Z"]
[Result "0-1"]
[WhiteElo "1890"]
[BlackElo "2061"]

1.e4 d5 2.exd5 Qxd5 3.Nc3 Qd8 4.d4 Nf6 5.Nf3 c6 6.Bc4 Bf5 7.Ne5 e6 8.g4 Be4
9.Nxe4 Nxe4 10.Be3 Nd7 11.Nxf7 Kxf7 12.Qf3+ Ndf6 13.g5 Qa5+ 14.Kf1 Nxg5 15.Bxg5 Qxg5
16.Qb3 Nd5 17.Qxb7+ Be7 18.Qxc6 Rac8 19.Qa6 Qf5 20.Re1 Qh3+ 21.Ke2 Rc7 22.Kd1 Rhc8
23.Bb3 Rc6 24.Qxa7 R8c7 25.Qa4 Nb4 26.Re2 Qf3 27.Re1 Nxc2 28.Bxc2 Rxc2 29.Qb3 Rc1+
30.Kd2 Bg5+ 31.Re3 Bxe3+ 32.Rxe3 Qxf2+ 33.Kd3 Qf1+ 34.Re2 Qd1+ 35.Qxd1 Rxd1+
36.Ke3 Rd7 37.b4 R7xd4 38.Rb2 R1d3+ 39.Ke2 Rh3 40.Kf1 Rdh4 41.b5 Rxh2 42.Rb3 Rxa2  0-1

[Event "23rd Heart of FIN"]
[Site "Jyvaskyla FIN"]
[Date "2013.07.14"]
[Round "9.7"]
[White "Ebeling,D"]
[Black "Valli,F"]
[Result "1-0"]
[WhiteElo "2379"]
[BlackElo "2237"]

1.e4 d5 2.exd5 Qxd5 3.Nc3 Qd6 4.d4 Nf6 5.Nf3 c6 6.Ne5 Nbd7 7.Nc4 Qc7 8.Qf3 Nb6
9.Bf4 Qd7 10.Nxb6 axb6 11.O-O-O e6 12.Be5 Nd5 13.Bc4 f6 14.Bg3 b5 15.Bb3 Bb4
16.Ne4 O-O 17.a3 Be7 18.Nc5 Bxc5 19.dxc5 e5 20.Rxd5 cxd5 21.Bxd5+ Rf7 22.Rd1 Qe7
23.Bxf7+ Kxf7 24.Qb3+ Be6 25.Qxb5 Qc7 26.Qd3 Qxc5 27.Qxh7 b5 28.Qe4 Ra4 29.Qe3 Rd4
30.Rxd4 exd4 31.Qf4 Kg6 32.Qd6 Qc4 33.b3 Qf1+ 34.Kb2 Bf5 35.Qxd4 Qxg2 36.a4 bxa4
37.Qxa4 Qd5 38.Qe8+ Kh7 39.Qh5+ Kg8 40.Qe8+ Kh7 41.Qe3 Qd1 42.Qc5 Bg6 43.b4 Qe2
44.b5 Be8 45.b6 Qf3 46.Qe3 Bc6 47.Qe6 Bd5 48.Qc8 Bb7 49.Qc5 g5 50.Bc7 Kg6
51.Bd8 g4 52.Qe7 Qc6 53.c4 Qf3 54.Qe8+ Kh6 55.Qf8+ Kg6 56.Qe8+ Kh6 57.Qe3+ Qxe3
58.fxe3 Kg6 59.Kc3 Kf5 60.Kd4 Ke6 61.e4 f5 62.e5 f4 63.Bh4 Ba8 64.Bf2 Bb7
65.Be1 Ba8 66.Bh4 Bb7 67.Bf2 Ba8 68.Be1 Bb7 69.Bd2 g3 70.Bxf4 gxh2 71.Bxh2 Bh1
72.Kc5 Kd7 73.Kb5 Bb7 74.c5 Bd5 75.Ka6 Kc8 76.Ka7  1-0

[Event "2nd Ideon Andron Open 2013"]
[Site "Anogia GRE"]
[Date "2013.07.15"]
[Round "7.8"]
[White "Eleftherakis,S"]
[Black "Makka,E"]
[Result "0-1"]
[WhiteElo "1916"]
[BlackElo "2107"]

1.e4 d5 2.exd5 Qxd5 3.Nc3 Qd6 4.d4 c6 5.Nf3 Nf6 6.Bc4 Be6 7.Qe2 Bxc4 8.Qxc4 Nbd7
9.O-O e6 10.Re1 Be7 11.Ne5 O-O 12.Bg5 Rad8 13.Rad1 Qb4 14.Qxb4 Bxb4 15.Rd3 Nxe5
16.Rxe5 Rd7 17.Bxf6 gxf6 18.Ne4 Be7 19.Rh5 Rd5 20.Rh6 Kg7 21.Rdh3 Rh8 22.c3 c5
23.R6h5 Rxh5 24.Rxh5 cxd4 25.cxd4 Rd8 26.Nc3 Rxd4 27.Rb5 Rb4 28.Kf1 a6 29.Rxb4 Bxb4
30.Nd1 Kf8 31.Ke2 Ke7 32.Kd3 Kd6 33.Ne3 Bc5 34.Nc4+ Kd5 35.f3 b5 36.Nd2 f5
37.Nf1 Bf2 38.Nd2 Bd4 39.b3 Bb6 40.Nb1 Ba5 41.Na3 Bc7 42.h3 Ke5 43.Nc2 Kf4
44.Ke2 Bd6 45.Ne3 Kg3 46.Kf1 Bc5 47.Nc2 e5 48.Ne1 e4 49.fxe4 fxe4 50.Nc2 f5
51.Ne1 f4 52.Nc2 b4 53.Ne1 Bd4  0-1

[Event "Universiade Men"]
[Site "Kazan RUS"]
[Date "2013.07.15"]
[Round "9.5"]
[White "Sjugirov,S"]
[Black "Moranda,W"]
[Result "1-0"]
[WhiteElo "2647"]
[BlackElo "2570"]

1.e4 d5 2.exd5 Qxd5 3.Nc3 Qd6 4.d4 Nf6 5.Nf3 Bg4 6.h3 Bh5 7.g4 Bg6 8.Ne5 Nbd7
9.Nxg6 hxg6 10.Be3 c6 11.Qf3 Nb6 12.O-O-O Nbd5 13.Nxd5 Qxd5 14.Qxd5 cxd5
15.Bg2 e6 16.c4 Rc8 17.c5 Be7 18.b4 Ne4 19.Bxe4 dxe4 20.d5 Kd7 21.d6 Bh4
22.Rhg1 Bf6 23.g5 Bc3 24.a3 a5 25.Kc2 axb4 26.Kb3 Rxh3 27.axb4 Be5 28.Rg4 Kc6
29.Rxe4 f6 30.b5+ Kxb5 31.Rb4+ Ka6 32.Rd2 b5 33.Ra2+ Kb7 34.Rxb5+ Kc6 35.Rb6+ Kd5
36.Rd2+ Ke4 37.d7 Rd8 38.Rxe6  1-0

[Event "7th LCT 2013"]
[Site "Leiden NED"]
[Date "2013.07.15"]
[Round "4.13"]
[White "Chevannes,S"]
[Black "Molinaroli,M"]
[Result "1/2-1/2"]
[WhiteElo "2136"]
[BlackElo "2298"]

1.e4 d5 2.exd5 Qxd5 3.Nc3 Qd6 4.Nf3 Nf6 5.d4 a6 6.Be2 e6 7.O-O Be7 8.Bg5 b5
9.a4 b4 10.Bxf6 gxf6 11.Ne4 Qd5 12.Ng3 Bb7 13.Ne1 Nc6 14.Bf3 Qd6 15.c3 Rb8
16.Ne4 Qd8 17.Nd3 a5 18.Nec5 Ba8 19.Bh5 O-O 20.Bf3 Kh8 21.Qe2 Bd6 22.Ne4 Rg8
23.Rfd1 Rg7 24.Ndc5 f5 25.Nxd6 cxd6 26.Nd3 bxc3 27.bxc3 Ne7 28.Bxa8 Rxa8
29.c4 Qc7 30.Rdc1 Rag8 31.g3 Nc6 32.Qe3 e5 33.dxe5 dxe5 34.Re1 e4 35.Nf4 Ne5
36.Kg2 Nxc4 37.Qc1 f6 38.Ne6 Qc6 39.Nxg7 e3+ 40.f3 Rd8 41.Rxe3 Nxe3+ 42.Qxe3 Qc2+
43.Kh3 Rd2 44.Qe8+ Kxg7 45.Qe7+ Kg8 46.Qe8+ Kg7 47.Qe7+ Kg8 48.Qe8+ Kg7  1/2-1/2

[Event "43rd Nat Jun ch-IND U19"]
[Site "Lucknow IND"]
[Date "2013.07.15"]
[Round "8.8"]
[White "Prince,Ba"]
[Black "Gireman,J"]
[Result "0-1"]
[WhiteElo "2232"]
[BlackElo "2192"]

1.e4 d5 2.exd5 Qxd5 3.Nc3 Qd6 4.d4 Nf6 5.Nf3 c6 6.Ne5 Nbd7 7.Nc4 Qc7 8.Qf3 Nb6
9.Ne5 e6 10.Bg5 Be7 11.Bd3 Nbd7 12.Nc4 Nb6 13.O-O-O Nxc4 14.Bxc4 a6 15.Rhe1 b5
16.Bb3 Bb7 17.Bxf6 Bxf6 18.Ne4 Be7 19.Nc5 Bc8 20.Re5 O-O 21.Rde1 a5 22.c3 b4
23.Bc2 bxc3 24.bxc3 g6 25.h4 Rb8 26.h5 Rd8 27.hxg6 hxg6 28.Rh1 Qxe5 29.dxe5 Bg5+
30.Qe3 Bxe3+ 31.fxe3 Kg7 32.c4 Rb4 33.Bd3 Rxd3 34.Nxd3 Rxc4+ 35.Kd2 Rg4 36.Rg1 Ba6
37.Nf4 g5 38.Nh5+ Kg6 39.Nf6 Ra4 40.g4 Rxa2+ 41.Kc3 Ra3+ 42.Kd4 Rd3+ 43.Kc5 Bb5
44.Rh1 Rd8 45.Kb6 a4 46.Kc7 Rd5 47.Nxd5 cxd5 48.Kb6 Be2 49.Rg1 a3 50.Kc5 a2
51.Ra1 Bxg4 52.Rxa2 Bf3 53.e4 Bxe4 54.Kd4 g4 55.Ke3 Kf5 56.Ra7 Kxe5 57.Rxf7 g3
58.Rg7 d4+ 59.Ke2 Kf4 60.Rf7+ Bf5 61.Rf8 e5  0-1

[Event "43rd Nat Jun ch-IND U19"]
[Site "Lucknow IND"]
[Date "2013.07.16"]
[Round "9.3"]
[White "Praneeth,S"]
[Black "Mithil,A"]
[Result "1/2-1/2"]
[WhiteElo "2226"]
[BlackElo "2198"]

1.e4 d5 2.exd5 Qxd5 3.Nc3 Qd8 4.d4 Nf6 5.Bc4 Bf5 6.Nge2 e6 7.O-O c6 8.Ng3 g6
9.Nxf5 gxf5 10.Bf4 Nbd7 11.a3 Bg7 12.Qd2 O-O 13.Bd3 Qb6 14.Ne2 c5 15.Be3 cxd4
16.Bxd4 Qc7 17.f4 Rfd8 18.c3 Nc5 19.Bc2 Nce4 20.Qe1 Kh8 21.Qh4 Rg8 22.Rf3 Nd5
23.Re1 Bxd4+ 24.Nxd4 Rg4 25.Qh6 Rg6 26.Qh4 Rg4 27.Qh6 Rg6 28.Qh4 Rag8 29.g3 Rg4
30.Qh6 R4g6 31.Qh4 Rg4 32.Qh6 Nxf4 33.Bxe4 fxe4 34.Ref1 Nd5 35.Kh1 e3 36.Qh5 R4g7
37.Nc2 Qc4 38.Qh3 Qb3 39.Nxe3 Nxe3 40.Rxe3 Qxb2  1/2-1/2

[Event "Czech Open G1 Rapid 2013"]
[Site "Pardubice CZE"]
[Date "2013.07.17"]
[Round "1.39"]
[White "Pasiev,R"]
[Black "Makevich,P"]
[Result "1-0"]
[WhiteElo "2384"]
[BlackElo "2119"]

1.e4 d5 2.exd5 Qxd5 3.Nc3 Qd6 4.Nf3 c6 5.d4 Nf6 6.g3 Bg4 7.Bg2 Nbd7 8.Bf4 Qe6+
9.Qe2 Qxe2+ 10.Nxe2 e6 11.O-O-O Nd5 12.Bd2 Be7  1-0

[Event "Czech Open G1 Rapid 2013"]
[Site "Pardubice CZE"]
[Date "2013.07.17"]
[Round "3.51"]
[White "Travkina,A"]
[Black "Sirotkina,N"]
[Result "1-0"]
[WhiteElo "2216"]
[BlackElo "2214"]

1.e4 d5 2.exd5 Qxd5 3.Nc3 Qd6 4.Bc4 Nf6 5.d3 c6 6.Nge2 Bg4 7.f3 Bf5 8.Bf4 e5
9.Bg3 Nbd7 10.Qd2 Be7 11.a4 O-O 12.O-O Nd5 13.Ne4 Qg6 14.N2c3 Be6 15.Rfe1 f5
16.Bb3 fxe4 17.dxe4 Bc5+ 18.Kh1 N5b6 19.a5 Rad8 20.Bxe6+ Qxe6 21.axb6 Nxb6
22.Qg5 Nc4 23.b3 h6 24.Qh5 Bd4 25.bxc4 Bxc3 26.Rg1 Bxa1 27.Rxa1 Rfe8 28.h3 a6
29.Ra5 Qxc4 30.Bxe5 Qf7 31.Qh4 Rd1+ 32.Kh2 b6 33.Ra1 Rxa1 34.Bxa1 Qc7+ 35.f4 Rxe4
36.Be5 Rxe5 37.fxe5 Qxe5+ 38.Kh1 Kh7 39.Qa4 Qd5 40.c4 Qe4 41.Qxa6 Qd4  1-0

[Event "Czech Open G1 Rapid 2013"]
[Site "Pardubice CZE"]
[Date "2013.07.18"]
[Round "6.27"]
[White "Kulicov,O"]
[Black "Vinod,G"]
[Result "1-0"]
[WhiteElo "2453"]
[BlackElo "2009"]

1.e4 d5 2.exd5 Qxd5 3.Nc3 Qd6 4.d4 Nf6 5.Nf3 c6 6.Ne5 Nbd7 7.f4 Qc7 8.Bc4 e6
9.O-O Nxe5 10.fxe5 Nd5 11.Nxd5 exd5 12.Bd3 Be6 13.Qh5 g6 14.Qh4 Qd8 15.Bg5 Be7
16.Bf6 Bxf6 17.Rxf6 Qe7 18.c3 c5 19.Bb5+ Kd8 20.Rd1 a6 21.Be2 c4 22.Rdf1 b5
23.Bg4 Ra7 24.Bxe6 fxe6 25.Rf8+ Rxf8 26.Rxf8+ Kd7 27.Qxe7+ Kxe7 28.Rh8 Rd7
29.Rxh7+ Ke8 30.Rxd7 Kxd7 31.Kf2 Ke7 32.Kf3 Kf7 33.Kg4 a5 34.a3  1-0

[Event "Czech Open G1 Rapid 2013"]
[Site "Pardubice CZE"]
[Date "2013.07.18"]
[Round "6.56"]
[White "Horvath,Cs2"]
[Black "Kralovsky,M"]
[Result "1-0"]
[WhiteElo "2208"]
[BlackElo "2042"]

1.e4 d5 2.exd5 Qxd5 3.Nc3 Qd6 4.d4 Nf6 5.Nf3 Bg4 6.h3 Bh5 7.g4 Bg6 8.Ne5 c6
9.Bf4 Qd8 10.Bg2 e6 11.O-O Be7 12.Re1 Nfd7 13.Nc4 O-O 14.a4 Na6 15.Ne4 Nb4
16.c3 Nd5 17.Bg3 N7f6 18.Nxf6+ Bxf6 19.a5 b5 20.axb6 axb6 21.Rxa8 Qxa8 22.Bxd5 exd5
23.Nxb6 Qb7 24.Na4 Ra8 25.f4 Be4 26.b4 Be7 27.f5 Qb5 28.Nc5 Bxc5 29.dxc5 Ra2
30.Rxe4 h6 31.Re1 Qc4 32.Qd4 Qb3 33.f6 Qc2 34.Bf2 g5 35.Qe3 Ra8 36.Re2 Qg6
37.Qe5 Kh7 38.Qf5  1-0

[Event "7th LCT 2013"]
[Site "Leiden NED"]
[Date "2013.07.19"]
[Round "7.13"]
[White "Wilschut,P"]
[Black "Kerkvliet,M"]
[Result "1/2-1/2"]
[WhiteElo "2232"]
[BlackElo "2042"]

1.e4 d5 2.exd5 Qxd5 3.Nc3 Qd6 4.d4 Nf6 5.Nf3 c6 6.g3 Bg4 7.Bg2 e6 8.O-O Be7
9.Bf4 Qd8 10.h3 Bh5 11.g4 Bg6 12.Ne5 Nbd7 13.Qe2 Nxe5 14.dxe5 Nd7 15.Rad1 Qc7
16.Ne4 O-O 17.Bg3 Rad8 18.Nf6+ Kh8 19.h4 h6 20.h5 Bh7 21.Nxh7 Kxh7 22.c4 Kg8
23.Be4 Rfe8 24.Kh2 Nf8 25.f4 Rxd1 26.Rxd1 Rd8 27.Rxd8 Qxd8 28.Bf2 Qc7 29.c5 f6
30.b4 fxe5 31.fxe5 a5 32.a3 axb4 33.axb4 Kh8 34.Bd4 Nd7 35.Bf3 Kg8 36.Qe4 Nf8
37.b5 Qd7 38.bxc6 bxc6 39.Be3 Qd5 40.Qd4 Qxd4 41.Bxd4 Nd7 42.Bxc6 Bxc5 43.Bc3 Nf8  1/2-1/2

[Event "DSK GM Open 2013"]
[Site "Cape Town RSA"]
[Date "2013.07.20"]
[Round "1.1"]
[White "Cawdery,D"]
[Black "Tiviakov,S"]
[Result "0-1"]
[WhiteElo "2345"]
[BlackElo "2654"]

1.e4 d5 2.exd5 Qxd5 3.Nc3 Qd6 4.d4 Nf6 5.Nf3 g6 6.Be3 c6 7.Qd2 Be6 8.Ng5 Bd5
9.f3 Nbd7 10.Bf4 Qb4 11.O-O-O Bg7 12.Kb1 Nb6 13.Qe3 Bc4 14.a3 Qa5 15.Bxc4 Nxc4
16.Qd3 b5 17.Rhe1 Rd8 18.Bc1 Rd7 19.Nce4 Nxe4 20.Qxe4 Qc7 21.Bf4 Qb7 22.Be5 f6
23.Ne6 fxe5 24.Nxg7+ Kf7 25.Nf5 gxf5 26.Qxf5+ Ke8 27.dxe5 Rd5 28.Rxd5 cxd5
29.e6 b4 30.Qf7+ Kd8 31.Qg7 Re8 32.axb4 Qxb4 33.Rd1 Kc7 34.Qd4 a5 35.Qa7+ Qb7
36.Qxb7+ Kxb7 37.Rxd5 Kc6 38.Rh5 Rg8 39.Rxh7 Kd6 40.Rh4 Kd5 41.b3 Nd2+ 42.Kb2 Rxg2
43.Rh5+ Kxe6 44.f4 Nf3 45.Rxa5 Nd4 46.Rc5 Rxh2 47.b4 Rf2 48.b5 Kd6 49.Rc4 Nxb5
50.Re4 Nc7 51.Kb3 Ne8  0-1

[Event "15th TCh-Eur Senior"]
[Site "Dresden GER"]
[Date "2013.07.20"]
[Round "1"]
[White "Pfeiffer,A"]
[Black "Titorenko,N"]
[Result "1/2-1/2"]
[WhiteElo "2077"]
[BlackElo "2164"]

1.e4 d5 2.exd5 Qxd5 3.Nc3 Qd6 4.d4 Nf6 5.Bd3 Bg4 6.f3 Bh5 7.Nge2 a6 8.Ne4 Nxe4
9.Bxe4 e6 10.c3 Nc6 11.Qb3 O-O-O 12.Qc4 Bg6 13.Bf4 Qd7 14.Bxc6 Qxc6 15.Qxc6 bxc6
16.b4 Bd3 17.Nc1 Bc4 18.Nb3 Bxb3 19.axb3 Kb7 20.Ra5 Bd6 21.Be3 h6 22.O-O Be7
23.Rfa1 Ra8 24.f4 g6 25.Kf2 h5 26.Ke2 Bd6 27.g3 Rhd8 28.h3 Rh8 29.Kf3 Be7
30.Bf2 Bd6 31.Be1 Be7 32.R1a2 Bf6 33.Ke4 Bg7 34.Bf2 Bf6 35.c4 Rhd8 36.g4 hxg4
37.hxg4 Rh8 38.b5 axb5 39.cxb5 Rxa5 40.Rxa5 cxb5 41.Rxb5+ Kc6 42.Rc5+ Kd7
43.d5 Rb8 44.dxe6+ fxe6 45.f5 exf5+ 46.gxf5 gxf5+ 47.Kxf5 Be7 48.Rd5+ Bd6
49.Rd3 Rf8+ 50.Ke4 Rxf2 51.Rh3 Rd2 52.Ke3 Rd1 53.Ke2 Rd5 54.Rc3 Kc8 55.Rc1 Kb7
56.Ke3 Be7 57.Ke4 Rd7 58.Ra1 Kb6 59.Ra8 Bc5 60.Rb8+ Kc6 61.Rh8 Kb5 62.Rh3 Kb4
63.Ke5 Bb6 64.Ke6 Rd4 65.Ke5 Ka3 66.Rc3 Kb2 67.Rxc7 Rd3 68.Rc6 Rxb3 69.Kf5 Rb5+
70.Ke4 Kb3 71.Kd3 Rb4 72.Rc3+ Kb2 73.Rc2+ Kb1 74.Rc6 Kb2 75.Rc2+ Kb3 76.Rc3+ Ka4
77.Rc4  1/2-1/2

[Event "22nd Open ch-MKD"]
[Site "Struga MKD"]
[Date "2013.07.20"]
[Round "8.2"]
[White "Organdziev,O"]
[Black "Nikolov,Sas"]
[Result "1-0"]
[WhiteElo "2291"]
[BlackElo "2402"]

1.e4 d5 2.exd5 Qxd5 3.Nc3 Qd6 4.Nf3 Nf6 5.Be2 c6 6.O-O Bg4 7.d3 Nbd7 8.Ne4 Qc7
9.Nd4 Bxe2 10.Qxe2 e6 11.Ng5 Qe5 12.Qxe5 Nxe5 13.Ndf3 Nxf3+ 14.Nxf3 Bd6 15.Re1 Nd5
16.a3 Bc7 17.d4 a5 18.Bd2 a4 19.c4 Nb6 20.Rac1 O-O 21.g3 Rfd8 22.Bb4 h6 23.h4 Nd7
24.d5 c5 25.dxe6 cxb4 26.exd7 bxa3 27.bxa3 Rxd7 28.Rcd1 Rxd1 29.Rxd1 Ra5
30.Nd4 Rc5 31.Rc1 Bd6 32.Nb5 Be7 33.Kf1 Kf8 34.Ke2 Re5+ 35.Kf1 Re4 36.Rc2 Bc5
37.f3 Re3 38.Rc3 Re6 39.Rd3 Ke7 40.Nc3 Ra6 41.Ne4 Ba7 42.Nc3 Rc6 43.Nxa4 Rxc4
44.Nc3 f5 45.Nd5+ Kf7 46.Rb3 Rc1+ 47.Ke2 b6 48.Nxb6 Rc2+ 49.Kd1 Rg2 50.Nd5 Bf2
51.Rb7+ Kf8 52.Rb8+ Kf7 53.Rb7+ Kf8 54.Nf4 Rxg3 55.Ke2 Bg1 56.h5 Bh2 57.a4 Rg1
58.Ne6+ Kg8 59.a5 Rg2+ 60.Kf1 Rg1+ 61.Ke2 Rg2+ 62.Kd3 Ra2 63.Rxg7+ Kh8 64.Rg6 Rxa5
65.Rxh6+ Kg8 66.Rg6+ Kh8 67.h6 Ra3+ 68.Kd4 Rxf3 69.Ng5 Rg3 70.h7 Bg1+ 71.Ke5 Rxg5
72.Rxg5 Be3 73.Rh5 f4 74.Kf6  1-0

[Event "15th TCh-Eur Senior"]
[Site "Dresden GER"]
[Date "2013.07.21"]
[Round "2"]
[White "Haubt,G"]
[Black "Breitfeld,J"]
[Result "1-0"]
[WhiteElo "2239"]
[BlackElo "2011"]

1.e4 d5 2.exd5 Qxd5 3.Nc3 Qd6 4.d4 Nf6 5.Nf3 c6 6.h3 Be6 7.g3 g6 8.Bf4 Qd8
9.Bg2 Bg7 10.O-O Nd5 11.Bd2 Nb6 12.Be3 O-O 13.Qc1 Re8 14.Rd1 Qc8 15.Ng5 Bd5
16.Nxd5 Nxd5 17.c4 Nxe3 18.Qxe3 h6 19.Ne4 Na6 20.Rab1 f5 21.Nc3 e6 22.b4 Qd7
23.b5 Nc7 24.bxc6 bxc6 25.Na4 Rab8 26.Rxb8 Rxb8 27.Nc5 Qd6 28.Nb3 e5 29.d5 cxd5
30.Qxa7 Rf8 31.Bxd5+ Nxd5 32.Rxd5 Qb4 33.Rd7 Qe1+ 34.Kh2 Bf6 35.Qe3 Qf1 36.Nd2 f4
37.Nxf1 fxe3 38.Nxe3 Bg5 39.Rd2 Rc8 40.Rc2 Kf7 41.Kg2 Bxe3 42.fxe3 e4 43.c5 Rc6
44.Rc4 Kf6 45.Kf2 Ke5 46.Ke2 Kd5 47.Rc3 g5 48.Kd2 h5 49.Kc2 h4 50.gxh4 gxh4
51.Kb3 Ke6 52.Kc4 Kd7 53.Ra3 Rg6 54.Ra7+ Kc8 55.Rh7 Rg3 56.Rxh4 Rxe3 57.a4 Re1
58.Kd5 e3 59.Kc6 Kb8 60.Rh8+ Ka7 61.Re8 e2 62.Re3 Rh1 63.Rxe2 Rxh3 64.Re7+ Kb8
65.Rb7+ Kc8 66.Rb4 Rh6+ 67.Kb5 Kb7 68.a5 Rh1 69.a6+ Ka7 70.Ra4 Rh6 71.Rd4 Rh7
72.Rd5 Rh1 73.Rd7+ Ka8 74.Kb6 Rb1+ 75.Kc6 Rc1 76.Rd4 Ka7 77.Kd6 Kxa6 78.c6 Kb6
79.Rb4+ Ka7 80.Kc7 Ra1 81.Kc8 Rd1 82.Rb2 Rf1 83.Rb7+ Ka8 84.Rb8+ Ka7 85.Rb7+ Ka8
86.Rd7 Rf6 87.Kc7 Rf1 88.Rd2 Ra1 89.Kd7  1-0

[Event "15th TCh-Eur Senior"]
[Site "Dresden GER"]
[Date "2013.07.22"]
[Round "3"]
[White "Walter,Gu1 GER"]
[Black "Bhopal,Raj"]
[Result "1/2-1/2"]
[WhiteElo "2233"]
[BlackElo "2077"]

1.e4 d5 2.exd5 Qxd5 3.Nc3 Qd6 4.d4 Nf6 5.Nge2 Bg4 6.f3 Bf5 7.Bf4 Qd7 8.Ng3 Bg6
9.Nge4 Nxe4 10.fxe4 e6 11.a3 Be7 12.Bc4 O-O 13.O-O Qc6 14.Qd3 a6 15.d5 exd5
16.Nxd5 Bd6 17.Rae1 Nd7 18.Qc3 Rae8 19.e5 Bc5+ 20.Kh1 Nb6 21.Nxb6 Bxb6 22.Be3 Be4
23.Rf2 Rd8 24.Bxb6 cxb6 25.Rfe2 Bd5 26.Bxd5 Qxd5 27.Qb3 Qxb3 28.cxb3 Rfe8
29.Kg1 Rd3 30.b4 Kf8 31.e6  1/2-1/2

[Event "6th Paleochora Open"]
[Site "Paleochora GRE"]
[Date "2013.07.22"]
[Round "5.10"]
[White "Baron,Ta"]
[Black "Iordanidou,Z"]
[Result "1-0"]
[WhiteElo "2469"]
[BlackElo "2122"]

1.e4 d5 2.exd5 Qxd5 3.Nc3 Qd6 4.d4 Nf6 5.Nf3 c6 6.Ne5 Nbd7 7.f4 Nb6 8.g4 Nbd5
9.Bg2 g6 10.g5 Nxc3 11.bxc3 Nh5 12.Qf3 Bg7 13.Nxc6 O-O 14.Ne5 Rb8 15.O-O Bf5
16.Rb1 b5 17.Nc6 Rb6 18.Nxa7 Bd7 19.d5 Ra8 20.Nc6 Rxa2 21.Be3 Rb7 22.Qf2 Bxc6
23.dxc6 Rb8 24.Rfd1 Qe6 25.c7 Rc8 26.f5 Qa6 27.Rd8+ Bf8 28.fxg6 hxg6 29.Rf1  1-0

[Event "DSK GM Open 2013"]
[Site "Cape Town RSA"]
[Date "2013.07.23"]
[Round "4.3"]
[White "Gwaze,R"]
[Black "Kasparov,S"]
[Result "0-1"]
[WhiteElo "2433"]
[BlackElo "2470"]

1.e4 d5 2.exd5 Qxd5 3.Nc3 Qd6 4.d4 Nf6 5.Nf3 c6 6.Be3 Bf5 7.Nh4 Be6 8.Bd3 Nbd7
9.Qd2 Nb6 10.Bf4 Qd7 11.Nf3 Bf5 12.Ne5 Qc8 13.O-O-O Bxd3 14.Qxd3 e6 15.h4 Be7
16.h5 Nbd5 17.Nxd5 Nxd5 18.Bd2 b5 19.Kb1 Bd6 20.Qg3 Bxe5 21.dxe5 Rg8 22.Qd3 h6
23.Qh7 Ke7 24.Rh3 Qc7 25.Qe4 Rad8 26.f4 Kd7 27.c4 bxc4 28.Qxc4 Rb8 29.Rc1 Rb5
30.a4 Nb6 31.Qc2 Rd5 32.Rc3 Rc8 33.Be3 Qb7 34.Bc5 Qa6 35.Ra3 Kc7 36.a5 Nd7
37.Bd6+ Kb7 38.Qc3 Ka8 39.Qc4 Rb5 40.Qc3 c5 41.Qf3+ Qb7 42.Qxb7+ Kxb7 43.Rd1 Rb4
44.Be7 Nb8 45.a6+ Nxa6 46.Rd7+ Rc7 47.Rxc7+ Nxc7 48.Bxc5 Rxf4 49.Rxa7+ Kc6
50.Be7 g6 51.hxg6 fxg6 52.Bd8 Nb5 53.Ra6+ Kd7 54.Bf6 Rg4 55.Rb6 Nc7 56.Rd6+ Kc8
57.Rd8+ Kb7 58.Rd6 Rxg2 59.Bd8 h5 60.Bxc7 Kxc7 61.Rxe6 Kd7 62.Rd6+ Ke7 63.b4 h4
64.Rd1  0-1

[Event "65th ch-MNE 2013"]
[Site "Cetinje SRB"]
[Date "2013.07.23"]
[Round "4.7"]
[White "Batricevic,S"]
[Black "Tomic,Aleksandar"]
[Result "1-0"]
[WhiteElo "2237"]
[BlackElo "1970"]

1.e4 d5 2.exd5 Qxd5 3.Nc3 Qd6 4.d4 Nf6 5.Nf3 a6 6.Bc4 b5 7.Bb3 c5 8.a4 c4
9.Ba2 Bb7 10.axb5 axb5 11.Nxb5 Qb4+ 12.Nc3 Ne4 13.O-O Nxc3 14.bxc3 Qd6 15.Ne5 Bd5
16.Bb2 Qc7 17.Bxc4 Bxc4 18.Rxa8 Bd5 19.Ra4 Nc6 20.c4 Nxe5 21.cxd5 Nd7 22.Ra8+ Nb8
23.Qa1 e6 24.Qa4+ Kd8 25.Bc3  1-0

[Event "28th Avoine Open"]
[Site "Avoine FRA"]
[Date "2013.07.24"]
[Round "5.6"]
[White "Vedmediuc,S"]
[Black "Pietrasanta,J"]
[Result "1-0"]
[WhiteElo "2460"]
[BlackElo "2197"]

1.e4 d5 2.Nc3 dxe4 3.Nxe4 Qd5 4.Nc3 Qd6 5.d4 Nf6 6.Nf3 a6 7.Bg5 Nc6 8.d5 Ne5
9.Be2 Bg4 10.O-O Bxf3 11.Bxf3 g6 12.Re1 Bg7 13.Qe2 Nxf3+ 14.gxf3 h6 15.Bf4 Qd7
16.Rad1 Nh5 17.Bxc7 O-O 18.Qxe7 Qf5 19.d6 Nf4 20.Qh4 Nh3+ 21.Kf1 Bxc3 22.bxc3 Qxf3
23.d7 g5 24.Qg3 Qh1+ 25.Ke2 Qe4+ 26.Kd2 Qc6 27.Kc1 Qc5 28.Bd6 Qa5 29.Bxf8  1-0

[Event "65th ch-MNE 2013"]
[Site "Cetinje SRB"]
[Date "2013.07.24"]
[Round "5.2"]
[White "Nikac,P"]
[Black "Djukic,Ni"]
[Result "0-1"]
[WhiteElo "2333"]
[BlackElo "2543"]

1.e4 d5 2.exd5 Qxd5 3.Nc3 Qd8 4.d4 Nf6 5.Nf3 Bg4 6.Be2 e6 7.h3 Bh5 8.O-O Be7
9.Be3 O-O 10.Ne5 Bxe2 11.Qxe2 c6 12.Rfd1 Nbd7 13.Bg5 h6 14.Nxd7 Qxd7 15.Bxf6 Bxf6
16.Ne4 Be7 17.Rd3 Rad8 18.Rad1 Qc7 19.a3 e5 20.dxe5 Qxe5 21.Ng3 Qxe2 22.Nxe2 Rfe8
23.Kf1 Rxd3 24.Rxd3 Bf6 25.Rd7 Re7 26.Rxe7 Bxe7 27.Nf4 Bf6 28.Nd3 Kf8 29.Ke2 Ke7
30.Ke3 Kd6 31.Ke4 b5 32.b3 Bc3 33.g4 c5 34.Nf4 c4 35.Ne2 Bb2 36.bxc4 bxc4
37.a4 Bf6 38.f4 Kc5 39.c3 g6 40.f5 g5 41.Ke3 Kb6 42.Ke4 Ka5 43.Kd5 Kxa4 44.Kxc4 a5
45.Kd5 Kb3 46.c4 a4 47.c5 Kb2 48.c6 Bd8 49.Kc4 a3 50.Nc3 Ba5 51.Na4+ Kc2
52.Nc3 Bxc3 53.c7 a2 54.c8=Q a1=Q 55.Qc6 Qa2+ 56.Kc5 Qa5+ 57.Kd6 Qd8+ 58.Kc5 Qd4+
59.Kb5 Qe5+ 60.Kc4 Qd4+ 61.Kb5 f6 62.Qh1 Qd1 63.Qg2+ Kb3 64.Kc6 Qd3 65.Kb7 Be5
66.Kb6 Kb4 67.Kb7 Qd7+  0-1

[Event "65th ch-MNE 2013"]
[Site "Cetinje SRB"]
[Date "2013.07.24"]
[Round "5.5"]
[White "Kalezic,B"]
[Black "Draganic,V"]
[Result "1/2-1/2"]
[WhiteElo "2418"]
[BlackElo "2267"]

1.e4 d5 2.exd5 Qxd5 3.Nc3 Qd8 4.d4 Nf6 5.Nf3 Bg4 6.h3 Bxf3 7.Qxf3 c6 8.Qd3 e6
9.Be3 Nbd7 10.O-O-O Be7 11.g4 Nb6 12.Kb1 Nbd5 13.Bg2 Nxc3+ 14.Qxc3 Nd5 15.Qb3 b5
16.Bxd5 Qxd5  1/2-1/2

[Event "15th TCh-Eur Senior"]
[Site "Dresden GER"]
[Date "2013.07.24"]
[Round "5"]
[White "Myall,Ivan J"]
[Black "Haubt,G"]
[Result "0-1"]
[WhiteElo "2087"]
[BlackElo "2239"]

1.e4 d5 2.exd5 Qxd5 3.Nc3 Qd6 4.d4 Nf6 5.g3 Bg4 6.f3 Bh5 7.Bf4 Qb6 8.Qd3 Nc6
9.Nb5 Nd5 10.Qf5 Nxf4 11.Qxf4 e5 12.Qg5 Bg6 13.O-O-O Be7 14.Qd2 O-O-O 15.d5 Nb4
16.Nc3 Nxc2 17.Bd3 Nd4 18.Bxg6 Qxg6 19.Qd3 c5 20.Nge2 Bg5+ 21.f4 exf4 22.gxf4 Nxe2+
23.Nxe2 Qxd3 24.Rxd3 Bf6 25.Kc2 Rhe8 26.Ng3 Bd4 27.b4 Rxd5 28.Rhd1 b6 29.Kb3 g6
30.bxc5 bxc5 31.Kc4 Rd7 32.Rb3 Rb7 33.Rxb7 Kxb7 34.Kd5 Rd8+ 35.Kc4 Kc6 36.Re1 Bf2
37.Re7 Rd4+ 38.Kc3 Rd7 39.Re2 Bd4+ 40.Kc4 Rb7 41.Re8 f5 42.Re6+ Kd7 43.Ra6 Bg1
44.h3 Rb4+ 45.Kd5 c4  0-1

[Event "Maccabiah IM2 2013"]
[Site "Jerusalem ISR"]
[Date "2013.07.25"]
[Round "7.4"]
[White "Shvayger,Y"]
[Black "Kudischewitsch,D"]
[Result "1/2-1/2"]
[WhiteElo "2265"]
[BlackElo "2344"]

1.e4 d5 2.exd5 Qxd5 3.Nc3 Qd6 4.d4 Nf6 5.Nf3 a6 6.g3 b5 7.Bg2 Bb7 8.O-O Nbd7
9.Bf4 Qb6 10.a4 b4 11.a5 Qa7 12.Na4 Rc8 13.c4 bxc3 14.bxc3 e6 15.c4 Bd6 16.Bxd6 cxd6
17.Qb3 Rb8 18.Nb6 Bxf3 19.Bxf3 Nxb6 20.axb6 Rxb6 21.Qa4+ Qd7 22.c5 Qxa4 23.Rxa4 dxc5
24.dxc5 Rb3 25.Rxa6 O-O 26.Bg2 Rc3 27.c6 g6 28.Rb1 Rc8 29.Ra7 Nd5 30.Bxd5 exd5
31.Rd7 Ra8  1/2-1/2

[Event "Open Desko Liberec 2013"]
[Site "Liberec CZE"]
[Date "2013.07.25"]
[Round "7.5"]
[White "Holasek,P"]
[Black "Sabol,M"]
[Result "0-1"]
[WhiteElo "2090"]
[BlackElo "2332"]

1.e4 d5 2.exd5 Qxd5 3.Nc3 Qd6 4.d4 Nf6 5.Nf3 c6 6.Ne5 Nbd7 7.Bf4 Nd5 8.Nxd5 Qxd5
9.Qf3 Nxe5 10.Qxd5 cxd5 11.Bxe5 Bd7 12.a4 Rc8 13.Bd3 f6 14.Bg3 g6 15.h4 Bf5
16.Bb5+ Kf7 17.c3  0-1